Countries home to Turkic peoples - Statistics

General Stats
  • This quiz has been taken 47 times
  • The average score is 18 of 20
Answer Stats
Answer % Correct
Iran
100%
Russia
100%
Iraq
98%
Kazakhstan
98%
Syria
98%
Turkey
98%
Uzbekistan
98%
Afghanistan
95%
China
95%
Kyrgyzstan
95%
Tajikistan
95%
Azerbaijan
93%
Mongolia
93%
Turkmenistan
93%
Bulgaria
85%
Ukraine
83%
Cyprus
80%
Lebanon
78%
Moldova
76%
North Macedonia
66%
No matching quizzes found
Score Distribution
Percent of People with Each Score
Percentile by Number Answered
Your Score History
You have not taken this quiz